000 00602nam a2200193Ia 4500
005 20260114185615.0
008 008 260114s9999 xx 000 0 eng d
020 _a9781350036383
037 _aEBOOK
040 _aCRL
_beng
_cCRL
041 _aeng
_2eng
084 _qCRL
100 _aSven Beckert and Dominic Sachsenmaier
_9872153
245 0 _aGlobal History, Globally Research and Practice around the World
260 _bBloomsbury
_c2018
856 _uhttps://doi.org/10.5040/9781350036383?locatt=label:secondary_bloomsburyCollections
942 _cEBOOK
999 _c1471101
_d1471101